Resolución técnica nº 10 : normativa, fundamentos y aplicación del modelo de valuación : 62 casos prácticos /

Guardado en:
Autor Principal: Senderovich, Pablo David.
Formato: Libro
Idioma:Spanish
Publicado: Buenos Aires : Editorial Reisa, 1992.
Materias:
Etiquetas: Agregar Etiqueta
Sin Etiquetas, Sea el primero en etiquetar este registro!
LEADER 00710nam a22001935a 4500
001 EAD.ead004697
008 230802s1992####ag############001#0#spa#d
005 20230803104456.0
245 1 0 |a Resolución técnica nº 10 :  |b normativa, fundamentos y aplicación del modelo de valuación : 62 casos prácticos /  |c Pablo D. Senderovich. 
260 |a Buenos Aires :  |b Editorial Reisa,  |c 1992. 
300 |a 386 p. ;  |c 23 cm. 
500 |a Incluye índice. 
020 |a 9509923176 
100 1 |a Senderovich, Pablo David. 
082 0 4 |a 657.3  |2 21 
650 7 |a Estados contables.  |2 isoc 
650 7 |a Normas contables.  |2 isoc 
653 |a Resolución técnica no. 10 
859 |a AR-BaBDC  |b BIB. ADMINISTRACION - Libros  |h 657.3  |i Se55-5  |p b07368